000 01103cam a2200217 4500
001 ABS65727
008 020801n2002 000 0 eng u
035 _a(Sirsi) u119150
245 _a21st century resource or a database too far?
260 _c2002
490 _aEstates Gazette
_v(0230) 27 July 2002, 116-117(2)
520 _aDescribes the progress since 1999 of the National Land and Property Gazetteer which aims to become England and Wales's first national database of definitive property and address data. Only 142 of the 452 participating local authorities are linked to the NLPG at present. Progress has been slow due to the sheer scale of the project and the low priority placed on it by some local authorities. Data quality has been queried and NLPG will be publishing a full report addressing this issue.
590 _aABS
600 _aADDRESSES
650 _aNATIONAL LAND AND PROPERTY GAZETTEER
650 _aGIS
650 _aNATIONAL LAND INFORMATION SERVICE
650 _aLOCAL AUTHORITIES
690 _aMANAGEMENT-BUSINESS MANAGEMENT-INFORMATION MANAGEMENT
942 _n0
999 _c70875
_d70875